00574nam a22001692 4500001001100000005001700011008004100028020001700069040001500086050001600101100003800117245005300155260004800208300003400256504005100290650006300341000000530520151217152001.0070611s xx 000 0 eng d a0697006212 : aKABUcKABU 0aTT150b.D381 aDavis, Virginia Irby.@000015652010aCrafts :ba basic survey /cVirginia Irby Davis. aDubuque :bWm. C. Brown Publishers,cc1989. axvi, 313 p. :bill. ;c28 cm. aIncludes bibliographical references and index. 0aHandicraftxStudy and teachingzUnited States.@0000156521